The functions of social conflict
محفوظ في:
| المؤلف الرئيسي: | |
|---|---|
| التنسيق: | كتاب |
| اللغة: | الإنجليزية |
| منشور في: |
Londres
Routledge & Kegan Paul
1956
|
| الموضوعات: | |
| الوسوم: |
إضافة وسم
لا توجد وسوم, كن أول من يضع وسما على هذه التسجيلة!
|
MARC
| LEADER | 00000nam a2200000 a 4500 | ||
|---|---|---|---|
| 001 | UCR9885 | ||
| 003 | CL-VaPUC | ||
| 008 | 980619e19560000UK |||||||||||||||||eng|d | ||
| 082 | 0 | 4 | |a 303.6 |b COS |2 21 |
| 100 | 0 | |a Coser, Lewis A |e author |9 412878 | |
| 245 | 1 | 4 | |a The functions of social conflict |
| 300 | |a 188 p | ||
| 942 | |c BK | ||
| 945 | |d 19980619 00:00:00 |a crobeson | ||
| 260 | |a Londres |b Routledge & Kegan Paul |c 1956 | ||
| 650 | 0 | |a Conflictos sociales |9 372024 | |
| 650 | 0 | |a Hostilidad |9 308223 | |
| 650 | 0 | |a Violencia |9 255411 | |
| 650 | 0 | |a Psicología social |9 222894 | |
| 583 | |a last modification |c 19980619 00:00:00 |k Rodrigo Vera | ||
| 999 | |c 271061 |d 271059 | ||
| 952 | |0 0 |1 0 |4 0 |6 303_600000000000000_COS_1956 |7 0 |8 P |9 305556 |a BIBENE |b BIBENE |d 2019-11-20 |i 1418939 |o 303.6 COS 1956 |p 1418939 |r 2025-01-15 |w 2019-11-20 |y BK |k ICO | ||